Nuclear Non-Proliferation in India and Pakistan South Asian Perspectives / (Record no. 194253)
[ view plain ]
| 000 -LEADER | |
|---|---|
| fixed length control field | 00902 a2200157 4500 |
| 003 - CONTROL NUMBER IDENTIFIER | |
| control field | NUST |
| 005 - DATE AND TIME OF LATEST TRANSACTION | |
| control field | 20221229153617.0 |
| 040 ## - CATALOGING SOURCE | |
| Transcribing agency | Nust |
| 082 ## - DEWEY DECIMAL CLASSIFICATION NUMBER | |
| Classification number | 355.8251119,NUC |
| 100 ## - MAIN ENTRY--PERSONAL NAME | |
| Personal name | P.R.Chari |
| 9 (RLIN) | 106416 |
| 245 ## - TITLE STATEMENT | |
| Title | Nuclear Non-Proliferation in India and Pakistan South Asian Perspectives / |
| Statement of responsibility, etc. | P.R.Chari |
| 260 ## - PUBLICATION, DISTRIBUTION, ETC. | |
| Place of publication, distribution, etc. | Sri Lanka |
| Name of publisher, distributor, etc. | Manohar |
| Date of publication, distribution, etc. | 1996 |
| 300 ## - PHYSICAL DESCRIPTION | |
| Extent | 236 p.; |
| 505 ## - FORMATTED CONTENTS NOTE | |
| Formatted contents note | Introduction (Page-9), India Nuclear Weapon Capabilities (Page-21), India Nuclear Option and National Security (Page-42), India’s Nuclear Option : Future Directions (Page-60), Pakistan’s Nuclear Program me : Technology Dimensions (Page-87), Pakistan’s Nuclear Policies (Page-103), Nuclear Developments in Pakistan (Page-131), The Nuclear Issue and Instability in South Asia (Page-149), Nuclear Non-Proliferation in South Asia (Page-168), Nuclear Non-Proliferation (Page-195). |
| 942 ## - ADDED ENTRY ELEMENTS (KOHA) | |
| Source of classification or shelving scheme | |
| Koha item type | Book |
| Call number prefix | 355.825119,NUC |
| Withdrawn status | Lost status | Source of classification or shelving scheme | Damaged status | Not for loan | Permanent Location | Current Location | Shelving location | Date acquired | Full call number | Barcode | Date last seen | Price effective from | Koha item type | Public note |
|---|---|---|---|---|---|---|---|---|---|---|---|---|---|---|
| Military College of Signals (MCS) | Military College of Signals (MCS) | General Stacks | 12/12/2016 | 355.825119,NUC | MCS2003 | 12/08/2016 | 12/12/2016 | Book | Almirah No.53, Shelf No.4 |
